000 006160000a22001810004500
090 _aAR
_b03798
245 1 0 _aBiodiversity
_sperspectives and tecnological oportunities high troughput screening technologies
500 _a<Colección Recursos Genéticos>
650 1 4 _aRecursos genéticos
_992757
650 1 4 _aBioprospección
_993872
650 1 4 _aDerecho ambiental
_997274
650 1 4 _aTecnología
_997596
651 4 _pArgentina
_992749
041 0 _aInglés
100 1 _aSobral, Bruno W.
_997597
942 _cARTICULO
773 1 _thttp://www.bdt.fat.org.br./publicacoes/padct/bio/cap8/2/Bruno.html
_q1-17
_d1994
999 _c12834
_d12834